[Event "EST-ch U16"]
[Site "Tallinn"]
[Date "2016.05.20"]
[Round "4"]
[White "Skladtshikov, Andrei"]
[Black "Chukavin, Kirill"]
[Result "0-1"]
[WhiteElo "1887"]
[BlackElo "2123"]
[PlyCount "96"]
[EventDate "2016.05.19"]
[EventType "swiss"]
[EventRounds "7"]
[EventCountry "EST"]
[SourceTitle "EXT 2018"]
[Source "ChessBase"]
[SourceDate "2017.10.13"]
[SourceVersion "1"]
[SourceVersionDate "2017.10.13"]
[SourceQuality "1"]

1. e4 c5 2. Nf3 Nc6 3. d4 cxd4 4. Nxd4 Qb6 5. Nb3 Nf6 6. Nc3 e6 7. Be3 Qc7 8. g3 Bb4 9. Bg2 0-0 10. 0-0 Bxc3 11. bxc3 d6 12. Bg5 Nd7 13. Nd4 Qa5 14. h4 Nde5 15. Nxc6 Nxc6 16. Qxd6 h6 17. Bd2 Rd8 18. Qf4 e5 19. Qe3 Qa4 20. Rfc1 Be6 21. f4 exf4 22. gxf4 Na5 23. Be1 Bg4 24. Qg3 h5 25. Bf3 Rac8 26. Bxg4 hxg4 27. e5 Rc4 28. Rd1 Rxd1 29. Rxd1 Rxf4 30. Rd8+ Kh7 31. Qd3+ Qe4 32. Rd4 Qxd3 33. cxd3 Rxd4 34. cxd4 Nc6 35. Bc3 Ne7 36. Kg2 Kg6 37. Be1 Kf5 38. Kg3 Nd5 39. Bd2 b5 40. a3 g6 41. Bb4 Nf4 42. d5 Nxd5 43. Bd6 a5 44. d4 b4 45. axb4 axb4 46. Bc5 b3 47. Ba3 Nf4 48. d5 Nxd5 0-1

[Event "EU-ch U14 24th"]
[Site "Batumi"]
[Date "2014.10.24"]
[Round "6"]
[White "Aivazian, Grigory"]
[Black "Skladtshikov, Andrei"]
[Result "1-0"]
[WhiteElo "2124"]
[BlackElo "1713"]
[PlyCount "61"]
[EventDate "2014.10.19"]
[EventType "swiss"]
[EventRounds "9"]
[EventCountry "GEO"]
[SourceTitle "EXT 2015"]
[Source "ChessBase"]
[SourceDate "2014.11.20"]
[SourceVersion "1"]
[SourceVersionDate "2014.11.20"]
[SourceQuality "1"]

1. e4 c5 2. Nf3 Nc6 3. d4 cxd4 4. Nxd4 g6 5. c4 Bg7 6. Be3 Nf6 7. Nc3 0-0 8. Be2 d6 9. 0-0 Ne8 10. Rc1 Nc7 11. Kh1 Ne6 12. Nxe6 Bxe6 13. f4 Qc8 14. Qd2 f5 15. exf5 Bxf5 16. a3 Rd8 17. Bf3 e6 18. b4 h5 19. Rfd1 Qd7 20. Qe2 Qf7 21. Ne4 Bxe4 22. Bxe4 d5 23. cxd5 exd5 24. Bb1 Kh8 25. f5 gxf5 26. Rf1 Ne7 27. Rc7 Rac8 28. Rxf5 Qxf5 29. Bxf5 Rxc7 30. Qxh5+ Kg8 31. Be6+ 1-0

[Event "EU-ch U14 24th"]
[Site "Batumi"]
[Date "2014.10.23"]
[Round "5"]
[White "Skladtshikov, Andrei"]
[Black "Kristensen, Bjarke Hautop"]
[Result "1-0"]
[WhiteElo "1713"]
[BlackElo "1966"]
[PlyCount "81"]
[EventDate "2014.10.19"]
[EventType "swiss"]
[EventRounds "9"]
[EventCountry "GEO"]
[SourceTitle "EXT 2015"]
[Source "ChessBase"]
[SourceDate "2014.11.20"]
[SourceVersion "1"]
[SourceVersionDate "2014.11.20"]
[SourceQuality "1"]

1. e4 d5 2. exd5 Qxd5 3. Nc3 Qa5 4. g3 Nf6 5. Bg2 c6 6. Nf3 g6 7. 0-0 Bg7 8. d3 0-0 9. Re1 Re8 10. Bd2 Bg4 11. h3 Bxf3 12. Bxf3 e5 13. Rb1 Qc7 14. b4 Nbd7 15. b5 c5 16. g4 h6 17. Qc1 Kh7 18. a4 Rad8 19. a5 b6 20. axb6 axb6 21. Bc6 Re6 22. Qd1 Nf8 23. h4 h5 24. g5 Ng8 25. Nd5 Qb8 26. Qf3 Ne7 27. Nxe7 Rxe7 28. Bd5 Qc7 29. c4 Ne6 30. Qg3 Nd4 31. Bc3 Nf5 32. Qh2 Rde8 33. Be4 Qc8 34. Qh3 Qe6 35. Ra1 Nd4 36. Qxe6 Rxe6 37. Ra7 R8e7 38. Rxe7 Rxe7 39. Bxd4 cxd4 40. f4 f5 41. Bd5 1-0

[Event "Palanga op"]
[Site "Palanga"]
[Date "2013.06.21"]
[Round "7"]
[White "Lukosius, Rimvydas"]
[Black "Skladtshikov, Andrei"]
[Result "0-1"]
[WhiteElo "1872"]
[BlackElo "1770"]
[PlyCount "110"]
[EventDate "2013.06.17"]
[EventType "swiss"]
[EventRounds "9"]
[EventCountry "LTU"]
[SourceTitle "EXT 2014"]
[Source "ChessBase"]
[SourceDate "2013.11.20"]
[SourceVersion "1"]
[SourceVersionDate "2013.11.20"]
[SourceQuality "1"]

1. c4 Nf6 2. Nc3 g6 3. g3 Bg7 4. Bg2 d6 5. d3 e5 6. e3 0-0 7. Nf3 Nc6 8. 0-0 Ne8 9. d4 Bg4 10. d5 Ne7 11. h3 Bxf3 12. Bxf3 f5 13. e4 Nf6 14. Rb1 Qd7 15. Kg2 a5 16. b3 fxe4 17. Bxe4 Nxe4 18. Nxe4 Nf5 19. Qg4 c6 20. Rd1 c5 21. a4 Bf6 22. f3 Qg7 23. Nxf6+ Qxf6 24. Bg5 h5 25. Bxf6 hxg4 26. Bg5 gxf3+ 27. Kf2 Rae8 28. Re1 Nd4 29. Re4 Kg7 30. Be3 Ne2 31. Bd2 b6 32. Re1 Nd4 33. R1e3 Rh8 34. h4 Ref8 35. Rd3 Rf5 36. Bg5 Rf7 37. Bd2 Ne2 38. Rde3 Nd4 39. Rd3 Rhf8 40. Bg5 Nf5 41. Rd1 Rh8 42. Rd3 Nxg3 43. Re1 Nf5 44. Rxf3 Rhf8 45. Re4 Nd4 46. Rxf7+ Rxf7+ 47. Kg2 Nxb3 48. Re2 Nd4 49. Rb2 Rb7 50. Bd8 e4 51. Bxb6 e3 52. Kf1 Rf7+ 53. Ke1 Rb7 54. Kf1 e2+ 55. Ke1 Rf7 0-1

[Event "Palanga op"]
[Site "Palanga"]
[Date "2013.06.21"]
[Round "8"]
[White "Skladtshikov, Andrei"]
[Black "Zaksaite, Salomeja"]
[Result "0-1"]
[WhiteElo "1770"]
[BlackElo "2173"]
[PlyCount "112"]
[EventDate "2013.06.17"]
[EventType "swiss"]
[EventRounds "9"]
[EventCountry "LTU"]
[SourceTitle "EXT 2014"]
[Source "ChessBase"]
[SourceDate "2013.11.20"]
[SourceVersion "1"]
[SourceVersionDate "2013.11.20"]
[SourceQuality "1"]

1. e4 c5 2. Nf3 e6 3. d4 cxd4 4. Nxd4 Nf6 5. Nc3 Nc6 6. Ndb5 d6 7. Bf4 e5 8. Bg5 a6 9. Na3 b5 10. Nd5 Be7 11. Bxf6 Bxf6 12. c4 b4 13. Nc2 Rb8 14. b3 Bg5 15. Bd3 g6 16. 0-0 0-0 17. Nce3 Nd4 18. Nc2 Nc6 19. Nce3 a5 20. h3 Nd4 21. Nc2 Ne6 22. Nce3 Nc5 23. Bc2 Be6 24. g4 Kg7 25. Kg2 Rh8 26. Rh1 h5 27. Qf3 Qd7 28. Rad1 Qc8 29. Rdg1 Bd7 30. Rd1 Ne6 31. gxh5 Nd4 32. Rxd4 exd4 33. hxg6 fxg6 34. Ng4 Qf8 35. Qd1 Bxg4 36. Qxg4 Bh4 37. f4 Qf7 38. Kf3 Rh5 39. Rg1 Rh6 40. Rd1 Bf6 41. Kg3 Rh4 42. Qf3 Rbh8 43. Rh1 g5 44. fxg5 Be5+ 45. Kg2 Qxf3+ 46. Kxf3 Rxh3+ 47. Rxh3 Rxh3+ 48. Ke2 Rh1 49. Kd2 Ra1 50. Ne7 Rxa2 51. Kd3 a4 52. bxa4 Ra3+ 53. Kd2 b3 54. Bd3 b2 55. Bb1 Ra1 56. Nf5+ Kf8 0-1